[Event "AUTO-INT-1615"]
[Site "http://www.queenalice.com/game.php?id=733562"]
[Date "2010.2.17"]
[Round "1"]
[White "Adinirso"]
[Black "mitchelli"]
[Result "1-0"]
[WhiteElo "1625"]
[BlackElo "1355"]

1. e4 e5 2. a3 Qh4 3. Nc3 Bc5 4. Qe2 d6 5. g3 Qf6 6. Nf3 Nh6 7. h3 b6 8. Nd5 Qd8
9. Bg2 c6 10. Nc3 Ba6 11. d3 O-O 12. Bxh6 gxh6 13. O-O Nd7 14. b4 Bd4 15. Nxd4
exd4 16. Qg4+ Kh8 17. Ne2 Rg8 18. Qf4 f6 19. Qxd6 h5 20. Qxd4 c5 21. bxc5 bxc5
22. Qc3 Rc8 23. Nf4 1-0

[Event "AUTO-INT-1615"]
[Site "http://www.queenalice.com/game.php?id=733563"]
[Date "2010.2.17"]
[Round "1"]
[White "mitchelli"]
[Black "Adinirso"]
[Result "0-1"]
[WhiteElo "1361"]
[BlackElo "1619"]

1. e4 e5 2. Nf3 Nc6 3. Nc3 a6 4. Bc4 h6 5. O-O Bc5 6. h3 Nf6 7. d3 O-O 8. Nh4
Re8 9. Nd5 Nxd5 10. Nf5 Nf6 11. c3 b5 12. Bb3 d6 13. Be3 Bxe3 14. fxe3 Bxf5 15.
exf5 Qd7 16. Qf3 Ne7 17. e4 c5 18. c4 b4 19. a4 bxa3 20. bxa3 Nc6 21. Ba4 Qc7
22. h4 Nd4 0-1

[Event "AUTO-INT-1621"]
[Site "http://www.queenalice.com/game.php?id=737165"]
[Date "2010.2.24"]
[Round "1"]
[White "dandahud"]
[Black "mitchelli"]
[Result "1-0"]
[WhiteElo "1392"]
[BlackElo "1406"]

1. e4 e5 2. Nf3 Nc6 3. Nc3 Bb4 4. Nd5 Nd4 5. Nxe5 Nf6 6. Nxb4 d6 7. Ned3 Bg4 8.
f3 Bh5 9. c3 Nb5 10. Qa4 c6 11. g4 Bg6 12. Nf4 Qa5 13. Qxa5 b6 14. Qa6 Nc7 15.
Qb7 Kd7 16. Qxc6+ Kc8 17. Na6 Kd8 18. Qxd6+ Nd7 19. Qxc7+ Ke8 20. Bb5 Rd8 21.
Nd5 f6 22. Qd6 h5 23. Qe7# 1-0

[Event "AUTO-INT-1621"]
[Site "http://www.queenalice.com/game.php?id=737166"]
[Date "2010.2.24"]
[Round "1"]
[White "mitchelli"]
[Black "dandahud"]
[Result "0-1"]
[WhiteElo "1378"]
[BlackElo "1409"]

1. e4 e5 2. Bc4 Nf6 3. Nf3 Nxe4 4. Nxe5 Nd6 5. Qf3 f6 6. Ng4 Nxc4 7. b3 Ne5 8.
Nxe5 fxe5 9. Qh5+ Ke7 10. Qxe5+ Kf7 11. Qd5+ Ke8 12. d3 c6 13. Qh5+ g6 14. Qe5+
Qe7 15. Qe4 d5 16. Qe2 Bg4 17. f3 Bf5 18. Nc3 Bg7 19. Bg5 Qe6 20. g4 Bxc3+ 21.
Kd1 Qxe2+ 22. Kxe2 Be6 23. Rad1 h6 24. Bf6 Bxf6 25. Kf2 Rf8 26. Rde1 Bh4+ 27.
Kg1 Bxe1 0-1

[Event "AUTO-INT-1621"]
[Site "http://www.queenalice.com/game.php?id=737183"]
[Date "2010.2.24"]
[Round "1"]
[White "mitchelli"]
[Black "ArzadSharlaan"]
[Result "0-1"]
[WhiteElo "1344"]
[BlackElo "1305"]

1. e4 e5 2. Nf3 Nc6 3. Bb5 Nf6 4. Ng5 Bc5 5. Nc3 d6 6. Bc4 Qe7 7. Nb5 a6 8. Nc3
Ng4 9. Nh3 Be6 10. Bxe6 Qxe6 11. f3 Nf6 12. Ng5 O-O 13. Nxe6 fxe6 14. d3 b5 15.
h4 b4 16. Ne2 a5 17. Bg5 Nd4 18. Nxd4 Bxd4 19. c3 Bb6 20. cxb4 axb4 21. Qb3 c5
0-1

[Event "AUTO-INT-1621"]
[Site "http://www.queenalice.com/game.php?id=737184"]
[Date "2010.2.24"]
[Round "1"]
[White "ArzadSharlaan"]
[Black "mitchelli"]
[Result "1-0"]
[WhiteElo "1325"]
[BlackElo "1344"]

1. d4 d5 2. Nc3 Nf6 3. Bf4 Nc6 4. e3 Bg4 5. Nf3 Ne4 6. Be2 e6 7. Bb5 Bb4 8. h3
Bxf3 9. gxf3 Nxc3 10. Qd3 Nxb5+ 11. c3 Ba5 12. Qxb5 a6 13. Qd3 Qh4 14. Qc2 g5
15. Bg3 Qh5 16. h4 Qxf3 17. Rg1 h6 18. Qe2 Qf5 19. O-O-O gxh4 20. Bxh4 b5 21.
Qg4 1-0

[Event "AUTO-INT-1621"]
[Site "http://www.queenalice.com/game.php?id=737185"]
[Date "2010.2.24"]
[Round "1"]
[White "mitchelli"]
[Black "jamsession"]
[Result "0-1"]
[WhiteElo "1389"]
[BlackElo "1688"]

1. e4 c5 2. e5 e6 3. Bb5 a6 4. Bc4 d5 5. Bd3 Bd7 6. Nf3 Ne7 7. O-O Ng6 8. Nc3
Be7 9. Bxg6 fxg6 10. d3 O-O 11. Be3 Bc6 12. d4 Nd7 13. h3 b6 14. h4 Bxh4 15.
Nxh4 Qxh4 16. g3 Qh3 17. f4 Qxg3+ 18. Kh1 Rf5 19. Rg1 Qh3# 0-1

[Event "AUTO-INT-1621"]
[Site "http://www.queenalice.com/game.php?id=737186"]
[Date "2010.2.24"]
[Round "1"]
[White "jamsession"]
[Black "mitchelli"]
[Result "1-0"]
[WhiteElo "1720"]
[BlackElo "1350"]

1. b3 e5 2. Bb2 Nc6 3. e3 Nf6 4. d4 e4 5. Ne2 Bb4+ 6. c3 Ba5 7. Ng3 d5 8. Be2
O-O 9. O-O b6 10. a3 b5 11. Bxb5 Ne7 12. b4 Bb6 13. Nd2 Nc6 14. Bxc6 Rb8 15. Ba4
Bg4 16. f3 Bh5 17. Nxh5 Nxh5 18. fxe4 Nf6 19. e5 Ne4 20. Nf3 h6 21. Bb3 c6 22.
Bc2 Ng5 23. Qd3 g6 24. Bc1 Ne6 25. g3 a5 26. e4 1-0

[Event "Challenge"]
[Site "http://www.queenalice.com/game.php?id=760133"]
[Date "2010.4.12"]
[Round "-"]
[White "mitchelli"]
[Black "dandahud"]
[Result "0-1"]
[WhiteElo "1341"]
[BlackElo "1500"]

1. e4 e5 2. Bc4 Nf6 3. Nc3 c6 4. Nf3 d5 5. exd5 cxd5 6. Bb5+ Bd7 7. Nxe5 Qe7 8.
f4 Bxb5 9. Nxb5 a6 10. Nd4 Ne4 11. d3 Nf6 12. O-O Qc5 13. c3 Bd6 14. Ng4 Qc8 15.
Nxf6+ gxf6 16. Re1+ Kd8 17. Qh5 Qd7 18. Qh6 Re8 19. Qxf6+ Kc7 20. Rf1 Nc6 21. f5
Be5 22. Bf4 Kb6 23. Qh6 Bxf4 24. Rxf4 Qc7 25. g3 Qe7 26. b4 Qe3+ 27. Kg2 Qd2+
28. Kh3 Qxc3 29. Nb3 Kb5 30. Qxh7 Rh8 0-1

[Event "AUTO-INT-1671"]
[Site "http://www.queenalice.com/game.php?id=760309"]
[Date "2010.4.13"]
[Round "1"]
[White "mitchelli"]
[Black "toin"]
[Result "0-1"]
[WhiteElo "1308"]
[BlackElo "1881"]

1. e4 d5 2. e5 d4 3. d3 Bf5 4. Nf3 Bg4 5. Bg5 h6 6. Bf4 g5 7. Bd2 c6 8. Be2 Qd5
9. c4 Qd7 10. h3 Bxf3 11. Bxf3 Qf5 12. Bb4 Qxe5+ 13. Be2 a5 14. Ba3 e6 15. O-O
c5 16. b3 Bd6 17. g3 Qf5 18. Bg4 Qg6 19. Qe2 h5 20. Bf3 Ra7 21. Be4 f5 22. Bd5
Kd7 23. Re1 exd5 24. cxd5 Rh7 25. Qd2 f4 26. Qe2 fxg3 27. fxg3 b5 28. Nd2 b4 29.
Bb2 Bxg3 30. Rf1 Bf4 31. Ne4 Bd6 32. Rac1 Na6 33. Rf8 Bxf8 34. Qf2 Rf7 35. Qg3
Qf5 0-1

[Event "AUTO-INT-1671"]
[Site "http://www.queenalice.com/game.php?id=760310"]
[Date "2010.4.13"]
[Round "1"]
[White "toin"]
[Black "mitchelli"]
[Result "1-0"]
[WhiteElo "1892"]
[BlackElo "1364"]

1. d4 d5 2. Bf4 e6 3. Nf3 Nf6 4. Bg5 Bb4+ 5. c3 Bd6 6. a3 h6 7. Bh4 g5 8. Bg3
Nc6 9. e3 Bxg3 10. hxg3 Ng4 11. Nfd2 h5 12. Qxg4 e5 13. Rxh5 Ke7 14. Qxg5+ Kd7
15. dxe5 Qxg5 16. Rxg5 Rh1 17. f4 a5 18. Kf2 b6 19. Nf3 Ba6 20. Nbd2 b5 21. Nd4
Nxd4 22. exd4 Rah8 23. Rg7 Ke6 24. Re1 R1h5 25. Nb3 Bc8 26. Bxb5 R5h7 27. Rxh7
Rxh7 28. Nxa5 Rh2 29. Ba4 Kf5 30. Kf3 Ba6 31. Bd7+ Kg6 32. Bc6 Kh5 33. Bxd5 f5
34. e6 Bb7 35. Nxb7 1-0

[Event "Challenge"]
[Site "http://www.queenalice.com/game.php?id=761203"]
[Date "2010.4.14"]
[Round "-"]
[White "mitchelli"]
[Black "primael"]
[Result "0-1"]
[WhiteElo "1349"]
[BlackElo "1558"]

1. e4 e5 2. Nf3 Nc6 3. Bb5 d6 4. h3 a6 5. Bxc6+ bxc6 6. d3 Be6 7. Bg5 Be7 8. Be3
h6 9. O-O Nf6 10. Nc3 d5 11. exd5 Bxd5 12. Nxe5 O-O 13. a4 Bd6 14. Ng4 Nxg4 15.
hxg4 Qh4 16. f4 Qg3 17. Rf2 Qxe3 18. Kf1 Qg3 19. Nxd5 cxd5 20. Rf3 Qh2 21. Kf2
Rae8 22. Qd2 Qh4+ 23. Kg1 Qxg4 24. Re1 Rxe1+ 25. Qxe1 Bc5+ 26. Kf1 f6 27. b4 Ba7
28. Qe7 Qc8 29. Rg3 Rf7 30. Qe2 Qf5 31. Qe8+ Rf8 32. Qe7 Qxf4+ 33. Rf3 Qh2 34.
Ke2 Qxg2+ 35. Ke1 Qxf3 36. Kd2 Qf2+ 37. Kc3 d4+ 38. Kb2 g5 39. Kb3 Qd2 40. Qxc7
Bb8 41. Qc4+ Kg7 42. Qxd4 h5 43. c4 Be5 0-1

[Event "Challenge"]
[Site "http://www.queenalice.com/game.php?id=777215"]
[Date "2010.5.18"]
[Round "-"]
[White "patrick"]
[Black "mitchelli"]
[Result "1-0"]
[WhiteElo "1441"]
[BlackElo "1362"]

1. e4 e5 2. Qf3 f6 3. Ne2 Nh6 4. Nec3 c6 5. h4 Bb4 6. g4 O-O 7. g5 Nf7 8. Bc4 b5
9. Bd3 Nd6 10. a3 Bxc3 11. bxc3 fxg5 12. hxg5 Rxf3 13. Rg1 Qf8 14. a4 Rxf2 15.
Ba3 Rf4 16. Bb4 1-0